Comuni del Trentino-Alto Adige (con mappa) - Statistics

Statistiche generali
  • Questo quiz è stato fatto 1.711 volte
    1.665 dall'ultimo reset
  • Il punteggio medio è 41 su 282
Risposte nella Mappa
Le risposte nella mappa del quiz sottostante sono codificate secondo una scala di colori dal rosso al verde in base alla % di persone che hanno risposto correttamente.
 
Statistiche sulle risposte
Comune % Corretto
Trento
96%
Bolzano/Bozen
91%
Rovereto
74%
Merano/Meran
70%
Riva del Garda
67%
Bressanone/Brixen
65%
Vipiteno/Sterzing
56%
Brunico/Bruneck
55%
San Candido/Innichen
54%
Brennero/Brenner
51%
Ala
46%
Cles
45%
Canazei
44%
Arco
43%
Ortisei/St. Ulrich/Urtijëi
43%
Moena
41%
Mezzocorona
40%
Pergine Valsugana
39%
Dobbiaco/Toblach
38%
Borgo Valsugana
37%
Levico Terme
37%
Mezzolombardo
37%
Ora/Auer
37%
Avio
35%
Cavalese
35%
Egna/Neumarkt
35%
Lavis
31%
San Martino in Passiria/St. Martin in Passeier
31%
Caldonazzo
29%
Corvara in Badia/Corvara
29%
Predazzo
29%
Sesto/Sexten
29%
Mori
28%
Pinzolo
28%
Selva di Val Gardena/Wolkenstein in Gröden/Sëlva
28%
Andalo
27%
Laives/Leifers
26%
Molveno
26%
Appiano sulla Strada del Vino/Eppan an der Weinstraße
25%
Badia/Abtei/Badia
25%
Chiusa/Klausen
25%
Curon Venosta/Graun im Vinschgau
25%
Folgaria
25%
Malé
25%
Tione di Trento
24%
Braies/Prags
23%
Ledro
23%
Malles Venosta/Mals
23%
San Michele all'Adige
23%
Stelvio/Stilfs
23%
Dro
22%
Lana/Lana
22%
Predoi/Prettau
22%
Termeno sulla Strada del Vino/Tramin an der Weinstraße
22%
Salorno sulla Strada del Vino/Salurn an der Weinstraße
21%
Silandro/Schlanders
21%
Caldaro sulla Strada del Vino/Kaltern an der Weinstraße
20%
Castelrotto/Kastelruth
20%
Fortezza/Franzenfeste
20%
Rasun-Anterselva/Rasen-Antholz
20%
Campo Tures/Sand in Taufers
19%
Storo
19%
Nago-Torbole
17%
Nova Levante/Welschnofen
17%
Peio
17%
Prato allo Stelvio/Prad am Stilfserjoch
17%
Rabbi
17%
Renon/Ritten
17%
Baselga di Piné
16%
Brentonico
16%
Campitello di Fassa
16%
Cortina sulla Strada del Vino/Kurtinig an der Weinstraße
16%
Tenno
16%
Bondone
15%
Fai della Paganella
15%
Glorenza/Glurns
15%
Grigno
15%
Marebbe/Enneberg/Mareo
15%
Monguelfo-Tesido/Welsberg-Taisten
15%
Naturno/Naturns
15%
San Giovanni di Fassa
15%
Ton
15%
Ultimo/Ulten
15%
Valle Aurina/Ahrntal
15%
Vermiglio
15%
Aldeno
14%
Lavarone
14%
Sarentino/Sarntal
14%
Senales/Schnals
14%
Besenello
13%
Civezzano
13%
Comano Terme
13%
Dimaro Folgarida
13%
Fiè allo Sciliar/Völs am Schlern
13%
Luserna
13%
Martello/Martello
13%
San Leonardo in Passiria/St. Leonhard in Passeier
13%
Tesero
13%
Valdaora/Olang
13%
Ziano di Fiemme
13%
Cavedine
12%
Cortaccia sulla Strada del Vino/Kurtatsch an der Weinstraße
12%
Lasa/Laas
12%
Magrè sulla Strada del Vino/Margreid an der Weinstraße
12%
Mezzana
12%
Rio di Pusteria/Mühlbach
12%
Tirolo/Tirol
12%
Fiavé
11%
Funes/Villnöß
11%
Montagna/Montan
11%
Ponte Gardena/Waidbruck
11%
Primiero San Martino di Castrozza
11%
Roveré della Luna
11%
San Lorenzo Dorsino
11%
Santa Cristina Valgardena/St. Christina in Gröden/Santa Cristina Gherdëina
11%
Spormaggiore
11%
Stenico
11%
Terlano/Terlan
11%
Tre Ville
11%
Villabassa/Niederdorf
11%
Volano
11%
Aldino/Aldein
10%
Bronzolo/Branzol
10%
Castello Tesino
10%
Denno
10%
Giovo
10%
Lagundo/Algund
10%
Mazzin
10%
Ossana
10%
Racines/Ratschings
10%
Sporminore
10%
Vallelaghi
10%
Albiano
9%
Anterivo/Altrei
9%
Borgo Chiese
9%
Calceranica al Lago
9%
Calliano
9%
Campo di Trens/Freienfeld
9%
Carisolo
9%
Isera
9%
Laion/Lajen
9%
Madruzzo
9%
Mezzano
9%
Moso in Passiria/Moos in Passeier
9%
Ospedaletto
9%
Perca/Percha
9%
Pieve Tesino
9%
Predaia
9%
San Lorenzo di Sebato/St. Lorenzen
9%
Spiazzo
9%
Telve
9%
Terento/Terenten
9%
Terre d'Adige
9%
Villa Lagarina
9%
Ville d'Anaunia
9%
Altopiano della Vigolana
8%
Bleggio Superiore
8%
Castelbello-Ciardes/Kastelbell-Tschars
8%
Castel Ivano
8%
Cavedago
8%
Chienes/Kiens
8%
Cis
8%
Drena
8%
Gais/Gais
8%
Imer
8%
Laces/Latsch
8%
Nalles/Nals
8%
Nomi
8%
Novaledo
8%
Palù del Fersina
8%
Pellizzano
8%
Postal/Burgstall
8%
Roncegno Terme
8%
San Genesio Atesino/Jenesien
8%
Scena/Schenna
8%
Segonzano
8%
Sluderno/Schluderns
8%
Tenna
8%
Trodena nel parco naturale/Truden im Naturpark
8%
Tubre/Taufers im Münstertal
8%
Valdaone
8%
Vallarsa
8%
Varna/Vahrn
8%
Andriano/Andrian
7%
Avelengo/Hafling
7%
Barbiano/Barbian
7%
Bedollo
7%
Bieno
7%
Borgo d'Anaunia
7%
Caderzone Terme
7%
Caldes
7%
Campodenno
7%
Canal San Bovo
7%
Cinte Tesino
7%
Commezzadura
7%
Fornace
7%
Gargazzone/Gargazon
7%
Giustino
7%
Lauregno/Laurein
7%
La Valle/Wengen/La Val
7%
Luson/Lüsen
7%
Marlengo/Marling
7%
Massimeno
7%
Meltina/Mölten
7%
Panchià
7%
Parcines/Partschins
7%
Ronzo-Chienis
7%
Rumo
7%
San Martino in Badia/St. Martin in Thurn/San Martin de Tor
7%
San Pancrazio/St. Pankraz
7%
Sanzeno
7%
Sarnonico
7%
Scurelle
7%
Sella Giudicarie
7%
Sfruz
7%
Soraga di Fassa
7%
Terragnolo
7%
Tires/Tiers
7%
Val di Vizze/Pfitsch
7%
Valle di Casies/Gsies
7%
Vandoies/Vintl
7%
Villandro/Villanders
7%
Altavalle
6%
Bocenago
6%
Castelnuovo
6%
Cavareno
6%
Contà
6%
Cornedo all'Isarco/Karneid
6%
Falzes/Pfalzen
6%
Garniga Terme
6%
Lona-Lases
6%
Naz-Sciaves/Natz-Schabs
6%
Nogaredo
6%
Nova Ponente\Deutschnofen
6%
Pelugo
6%
Pomarolo
6%
Porte di Rendena
6%
Proves/Proveis
6%
Rodengo/Rodeneck
6%
Romeno
6%
Sagron Mis
6%
Sant'Orsola Terme
6%
Selva dei Molini/Mühlwald
6%
Strembo
6%
Terzolas
6%
Tesimo/Tisens
6%
Torcegno
6%
Vadena/Pfatten
6%
Velturno/Feldthurns
6%
Verano/Vöran
6%
Ville di Fiemme
6%
Amblar-Don
5%
Borgo Lares
5%
Bresimo
5%
Capriana
5%
Castel Condino
5%
Castello-Molina di Fiemme
5%
Cembra Lisignago
5%
Cermes/Tscherms
5%
Cimone
5%
Croviana
5%
Fierozzo
5%
Frassilongo
5%
Livo
5%
Pieve di Bono-Prezzo
5%
Rifiano/Riffian
5%
Samone
5%
Senale-San Felice/Unsere Liebe Frau im Walde-St. Felix
5%
Sover
5%
Trambileno
5%
Vignola-Falesina
5%
Caines/Kuens
4%
Carzano
4%
Cavizzana
4%
Dambel
4%
Novella
4%
Plaus/Plaus
4%
Ronchi Valsugana
4%
Ronzone
4%
Ruffré-Mendola
4%
Telve di Sopra
4%
Valfloriana
4%
Nessun quiz corrispondente trovato
Distribuzione punteggi
Percentuale di utenti per punteggio
Percentile per numero di risposta
I tuoi punteggi nel tempo
Non hai fatto questo quiz dall'ultimo reset